[Event "SR 4. liga A21 2014/2015"]
[Site "?"]
[Date "2015.02.01"]
[Round "8.3"]
[White "Bango, Dominik"]
[Black "Sprusansky, Ferdinand"]
[Result "1/2-1/2"]
[WhiteElo "1557"]
[BlackElo "1417"]
[PlyCount "171"]
[EventDate "2014.??.??"]

1. e4 e5 2. Nf3 Nc6 3. Bc4 Nf6 4. Nc3 a6 5. Ng5 d5 6. exd5 Nb4 7. d6 Nfd5 8.
Nxf7 Kxf7 9. Qf3+ Qf6 10. Bxd5+ Nxd5 11. Qxd5+ Be6 12. Qxb7 Bxd6 13. O-O Rhf8
14. Ne4 Qe7 15. Nxd6+ Qxd6 16. Qe4 Kg8 17. d3 Bd5 18. Qh4 Qg6 19. Qg3 Qe6 20.
Re1 Rae8 21. f3 Rf5 22. Bd2 Qb6+ 23. Kh1 Qxb2 24. Bh6 g6 25. c4 Bc6 26. Rab1
Qd4 27. Rb3 a5 28. Be3 Qd6 29. Rd1 Ba4 30. Rbb1 Bxd1 31. Rxd1 Qa3 32. Qf2 Qa4
33. Rb1 Rd8 34. Qe2 Qd7 35. Rd1 Rh5 36. Qc2 Rb8 37. Kg1 Qd6 38. h3 Rf5 39. Qa4
Qb4 40. Qd7 Rf7 41. Qd5 Qa4 42. Rd2 Rb1+ 43. Kh2 Qb4 44. Qxe5 Qd6 45. Qxd6 cxd6
46. c5 dxc5 47. Bxc5 a4 48. a3 Rb3 49. d4 Rd7 50. Re2 Kf7 51. Kg3 Kf6 52. Re4
Rd5 53. Kh2 Rd3 54. Kg3 h5 55. h4 g5 56. hxg5+ Rxg5+ 57. Kf2 Rd2+ 58. Ke3 Rgxg2
59. Rh4 Rh2 60. Rxh2 Rxh2 61. Kf4 h4 62. Kg4 Rh1 63. f4 h3 64. Kg3 Kf5 65. d5
h2 66. Bd6 Rd1 67. Kxh2 Rxd5 68. Bf8 Kxf4 69. Kg2 Rd3 70. Kf2 Ke4 71. Ke2 Rb3
72. Kd2 Rd3+ 73. Kc2 Ke3 74. Bc5+ Ke2 75. Bb4 Rb3 76. Bf8 Ke3 77. Bc5+ Ke4 78.
Bf8 Kd4 79. Bg7+ Kc4 80. Bf8 Rf3 81. Bd6 Rf2+ 82. Kb1 Kb3 83. Kc1 Ra2 84. Bb4
Rxa3 85. Bxa3 Kxa3 86. Kc2 1/2-1/2

[Event "SR 4. liga A21 2014/2015"]
[Site "?"]
[Date "2015.02.01"]
[Round "8.4"]
[White "Lanik, Miroslav"]
[Black "Curidlo, Jan"]
[Result "0-1"]
[WhiteElo "1895"]
[BlackElo "1889"]
[PlyCount "72"]
[EventDate "2014.??.??"]

1. e4 Nc6 2. Nf3 e5 3. Bb5 a6 4. Ba4 d6 5. c3 Nf6 6. d3 Bd7 7. h3 Ne7 8. Bb3 h6
9. Be3 g5 10. Nh2 Ng6 11. Nd2 c5 12. Qe2 b5 13. d4 Rc8 14. d5 Bg7 15. a4 Qa5
16. O-O Qc7 17. Bc2 O-O 18. Ng4 Nxg4 19. hxg4 Nf4 20. Bxf4 exf4 21. Ra2 Rce8
22. f3 c4 23. axb5 Bxb5 24. Ba4 Rb8 25. Bxb5 axb5 26. Rfa1 Rb7 27. Qf2 b4 28.
Nb1 Rfb8 29. Ra7 bxc3 30. Nxc3 Qc8 31. Rxb7 Qxb7 32. Ra2 Qb3 33. Qa7 Rb7 34.
Qa6 Bxc3 35. bxc3 Qd1+ 36. Kf2 Rb1 0-1

[Event "SR 4. liga A21 2014/2015"]
[Site "?"]
[Date "2015.02.01"]
[Round "8.4"]
[White "Slaby, Jozef"]
[Black "Palka, Miroslav"]
[Result "1-0"]
[WhiteElo "1879"]
[BlackElo "1912"]
[PlyCount "89"]
[EventDate "2014.??.??"]

1. d4 d5 2. c4 e6 3. Nc3 Nf6 4. e3 g6 5. Nf3 Bg7 6. c5 O-O 7. Bd2 b6 8. cxb6
axb6 9. a3 c5 10. Be2 Ne4 11. O-O cxd4 12. Nxd4 Nxd2 13. Qxd2 e5 14. Nf3 Bb7
15. Rad1 Ra5 16. Bc4 d4 17. Ne1 Qg5 18. exd4 Qxd2 19. Rxd2 exd4 20. Ne2 Rc5 21.
Bd3 Rd8 22. Nc2 Nc6 23. b4 Rcd5 24. f4 R5d6 25. Ng3 f5 26. Re1 Kf8 27. Ne2 Ne7
28. g3 Be4 29. Nc1 Bd5 30. b5 Bf7 31. Nb4 Nd5 32. Nc6 Ra8 33. Bc4 Rxa3 34. Ne5
Rd8 35. Rxd4 Bxe5 36. fxe5 Be6 37. Red1 Ra4 38. Ne2 Kg7 39. Bxd5 Rxd4 40. Nxd4
Bxd5 41. Ne6+ Bxe6 42. Rxd8 Bc4 43. Rb8 Bxb5 44. Rxb6 Bc4 45. Kf2 1-0

[Event "SR 4. liga A21 2014/2015"]
[Site "?"]
[Date "2015.02.01"]
[Round "8.4"]
[White "Tokos, Rastislav"]
[Black "Orvisky, Vladimir"]
[Result "1/2-1/2"]
[WhiteElo "1827"]
[BlackElo "1800"]
[PlyCount "116"]
[EventDate "2014.??.??"]

1. e4 Nf6 2. Nc3 e5 3. Bc4 d6 4. Nge2 c6 5. d3 Be7 6. O-O O-O 7. Kh1 Nbd7 8.
Ng3 b5 9. Bb3 Nc5 10. Nce2 Nxb3 11. axb3 g6 12. f4 exf4 13. Bxf4 h5 14. Nd4 Bd7
15. Qd2 h4 16. Nge2 Ng4 17. Nf3 Nf6 18. Bh6 Re8 19. Ng5 Bf8 20. Bxf8 Rxf8 21.
Qf4 Nh5 22. Qe3 c5 23. Ra6 Qe7 24. Rfa1 Bc8 25. R6a5 b4 26. Nf3 f5 27. e5 Re8
28. Qh6 Qg7 29. Qxg7+ Nxg7 30. Nf4 Bb7 31. exd6 Bxf3 32. gxf3 g5 33. Nd5 Re5
34. Nc7 Rd8 35. Nb5 h3 36. Kg1 Ne6 37. Rxa7 Nd4 38. Nxd4 cxd4 39. Re7 Rxe7 40.
dxe7 Re8 41. Ra5 Rxe7 42. Rxf5 Re2 43. Rxg5+ Kf7 44. Rg4 Rxc2 45. Rxd4 Rg2+ 46.
Kf1 Rxh2 47. Kg1 Rg2+ 48. Kh1 Rxb2 49. Rxb4 Ke6 50. Rb5 Rf2 51. Rc5 Rxf3 52.
Rc3 Rf2 53. b4 Rb2 54. Rc4 Rb3 55. Re4+ Kd5 56. Re3 Rxb4 57. Rxh3 Rb3 58. Kg2
Kd4 1/2-1/2

[Event "SR 4. liga A21 2014/2015"]
[Site "?"]
[Date "2015.02.01"]
[Round "8.4"]
[White "Nedorost, Lubomir"]
[Black "Huska, Branislav"]
[Result "1-0"]
[WhiteElo "1707"]
[BlackElo "1689"]
[PlyCount "61"]
[EventDate "2014.??.??"]

1. e4 c5 2. Nc3 Nc6 3. Bc4 g6 4. f4 d6 5. Nf3 Bg7 6. O-O e6 7. d3 Nge7 8. a4
O-O 9. Qe1 d5 10. exd5 exd5 11. Ba2 Re8 12. Kh1 Nb4 13. Bb1 b6 14. Ne2 d4 15.
Bd2 Nf5 16. c3 dxc3 17. Bxc3 Nxd3 18. Qd2 Ba6 19. Bxg7 Nxg7 20. Nc3 Nxf4 21.
Qxf4 Bxf1 22. Ba2 Bxg2+ 23. Kxg2 Nf5 24. Ne4 Kg7 25. Rg1 h6 26. Kh1 Qe7 27.
Qxf5 Qxe4 28. Qxf7+ Kh8 29. Rxg6 Re7 30. Rxh6+ Qh7 31. Rxh7# 1-0

[Event "SR 4. liga A21 2014/2015"]
[Site "?"]
[Date "2015.02.01"]
[Round "8.4"]
[White "Barcaj, Jaroslav"]
[Black "Slaba, Andrea"]
[Result "1/2-1/2"]
[WhiteElo "1600"]
[BlackElo "1467"]
[PlyCount "152"]
[EventDate "2014.??.??"]

1. e4 e6 2. d4 d5 3. e5 c5 4. c3 Nc6 5. Nf3 cxd4 6. cxd4 Nge7 7. Na3 Nf5 8. Nc2
Qb6 9. a3 Bd7 10. Be2 Rc8 11. O-O Na5 12. b4 Nc4 13. Bf4 g6 14. Ne3 Nfxe3 15.
fxe3 Bg7 16. Qb3 a5 17. Rac1 a4 18. Qd3 Qa6 19. Rc3 b5 20. Rfc1 O-O 21. e4 Bc6
22. exd5 Bxd5 23. Ng5 f6 24. Nf3 f5 25. Nd2 Rc6 26. Qh3 Rfc8 27. Nxc4 Bxc4 28.
Bf3 R6c7 29. Kh1 Rd8 30. Be3 Rf7 31. Qh4 Rff8 32. Bg5 Rd7 33. Rd1 Qb6 34. Be7
Rc8 35. Bc5 Qc7 36. Qg5 Kf7 37. Rd2 h6 38. Qe3 Kg8 39. Be2 Bxe2 40. Qxe2 Qb7
41. Rcd3 Rd5 42. h3 Bf8 43. Rg3 Kh7 44. Rc2 Bg7 45. Rgc3 Rdd8 46. Bd6 Rxc3 47.
Rxc3 Qd5 48. Qe3 Qe4 49. Qxe4 fxe4 50. Re3 Rc8 51. Bc5 Rc7 52. Rxe4 Rf7 53. Kg1
h5 54. Re1 Bh6 55. g3 Rf3 56. Kg2 Rxa3 57. d5 Ra2+ 58. Kf1 Kg7 59. dxe6 Rd2 60.
Re2 Rxe2 61. Kxe2 a3 62. Bd4 Bc1 63. Kd3 Kf8 64. Kc2 Bh6 65. Kb3 Ke7 66. Kxa3
Kxe6 67. Kb3 Bg7 68. Kc3 Bxe5 69. g4 hxg4 70. hxg4 g5 71. Kd3 Bd6 72. Bc3 Kd5
73. Bf6 Bf4 74. Bc3 Bd6 75. Bf6 Bxb4 76. Bxg5 Ke6 1/2-1/2

[Event "SR 4. liga A21 2014/2015"]
[Site "?"]
[Date "2015.02.01"]
[Round "8.5"]
[White "Diviak, Rudolf"]
[Black "Kubis, Ivan"]
[Result "1/2-1/2"]
[WhiteElo "1836"]
[BlackElo "1991"]
[PlyCount "77"]
[EventDate "2014.??.??"]

1. e4 e5 2. Bc4 Nf6 3. d3 d5 4. exd5 Nxd5 5. Qe2 Nc6 6. Nf3 Bg4 7. h3 Bxf3 8.
Qxf3 Nf6 9. c3 Be7 10. O-O O-O 11. Bg5 h6 12. Bh4 Na5 13. Bb5 a6 14. Ba4 c5 15.
Bxf6 Bxf6 16. Nd2 Rc8 17. Rad1 b5 18. Bc2 g6 19. Rfe1 Bg7 20. Qg3 Nc6 21. Nf3
Re8 22. Bb3 Qf6 23. Nd2 Ne7 24. Ne4 Qc6 25. Qf3 Rf8 26. Nd2 Qb6 27. d4 cxd4 28.
cxd4 Qxd4 29. Nc4 Qf4 30. Qxf4 exf4 31. Nd6 Rc7 32. Re2 Nc8 33. Nxf7 Rcxf7 34.
Rd7 Nb6 35. Rxf7 Rxf7 36. Re8+ Bf8 37. Be6 Kg7 38. Bxf7 Kxf7 39. Rb8 1/2-1/2

[Event "SR 4. liga A21 2014/2015"]
[Site "?"]
[Date "2015.02.01"]
[Round "8.5"]
[White "Brunovsky, Peter"]
[Black "Buran, Andrej"]
[Result "1/2-1/2"]
[WhiteElo "1869"]
[BlackElo "1586"]
[PlyCount "48"]
[EventDate "2014.??.??"]

1. d4 d5 2. Bf4 Nf6 3. e3 e6 4. Bd3 c5 5. c3 Be7 6. Nd2 O-O 7. Ngf3 Nbd7 8. O-O
Nh5 9. Rc1 Nxf4 10. exf4 c4 11. Bc2 b5 12. Ne5 Nxe5 13. fxe5 a5 14. f4 b4 15.
Rf3 Bd7 16. Rh3 g6 17. g4 Qb6 18. f5 exf5 19. gxf5 Kh8 20. Kh1 Rg8 21. e6 Be8
22. fxg6 fxg6 23. Qe2 bxc3 24. Qe5+ Rg7 1/2-1/2

[Event "SR 4. liga A21 2014/2015"]
[Site "?"]
[Date "2015.02.01"]
[Round "8.5"]
[White "Ulehla, Jakub"]
[Black "Zajicek, Ferdinand"]
[Result "0-1"]
[WhiteElo "1479"]
[BlackElo "1836"]
[PlyCount "76"]
[EventDate "2014.??.??"]

1. e4 c5 2. Nf3 Nc6 3. d4 cxd4 4. Nxd4 Nf6 5. Nc3 d6 6. Bc4 g6 7. Bb3 Bg7 8. f3
O-O 9. Nde2 Na5 10. Be3 Nxb3 11. axb3 b6 12. O-O Be6 13. Nf4 Qc8 14. Qe2 Ne8
15. Nfd5 Qb7 16. Ra2 Nf6 17. Nxf6+ Bxf6 18. Rfa1 Rfc8 19. Nb5 a6 20. Nd4 b5 21.
Nxe6 fxe6 22. c3 Rc6 23. f4 Rac8 24. Qg4 Kf7 25. f5 exf5 26. exf5 Rg8 27. fxg6+
Rxg6 28. Qf3 Rc7 29. Qxb7 Rxb7 30. Rxa6 b4 31. c4 Bxb2 32. R1a2 Bc3 33. Rb6
Rxb6 34. Bxb6 d5 35. Bf2 dxc4 36. bxc4 b3 37. Ra7 b2 38. Rb7 Ra6 0-1

[Event "SR 4. liga A21 2014/2015"]
[Site "?"]
[Date "2015.02.01"]
[Round "8.5"]
[White "Kanka, Tomas"]
[Black "Trojkova, Michaela"]
[Result "1/2-1/2"]
[WhiteElo "1723"]
[BlackElo "1461"]
[PlyCount "44"]
[EventDate "2014.??.??"]

1. e4 c5 2. Nf3 Nc6 3. d4 cxd4 4. Nxd4 g6 5. Nc3 Bg7 6. Be3 Nf6 7. Be2 Qa5 8.
O-O Qb4 9. Rb1 Nxe4 10. Nd5 Qa5 11. Nb5 O-O 12. a3 a6 13. Bb6 Qd2 14. Nbc7 Rb8
15. Bd3 Qxd1 16. Rfxd1 Nf6 17. c4 d6 18. b4 Bf5 19. Bxf5 gxf5 20. b5 axb5 21.
cxb5 Nxd5 22. Nxd5 e6 1/2-1/2

[Event "SR 4. liga A21 2014/2015"]
[Site "?"]
[Date "2015.02.01"]
[Round "8.5"]
[White "Mudroch, Martin"]
[Black "Kastler, Peter"]
[Result "0-1"]
[WhiteElo "1342"]
[BlackElo "1757"]
[PlyCount "46"]
[EventDate "2014.??.??"]

1. e4 e6 2. d4 d5 3. e5 c5 4. c3 Nc6 5. Nf3 Qb6 6. Be2 Nh6 7. O-O Nf5 8. b3
cxd4 9. cxd4 Nfxd4 10. Nxd4 Qxd4 11. Qxd4 Nxd4 12. Bd3 Bd7 13. Nc3 Rc8 14. Be3
Rxc3 15. Bxd4 Rxd3 16. Bxa7 Ba3 17. Be3 O-O 18. Bc1 Bb4 19. Bb2 Rc8 20. Rfc1
Bc3 21. Bxc3 Rdxc3 22. Rxc3 Rxc3 23. Kf1 Rc2 0-1

[Event "SR 4. liga A21 2014/2015"]
[Site "?"]
[Date "2015.02.01"]
[Round "8.6"]
[White "Berger, Patrik"]
[Black "Hirmajer, Jan"]
[Result "1-0"]
[WhiteElo "1917"]
[BlackElo "1966"]
[PlyCount "65"]
[EventDate "2014.??.??"]

1. e4 c5 2. Nf3 Nc6 3. d4 cxd4 4. Nxd4 g6 5. Nc3 Bg7 6. Be3 d6 7. Qd2 Nf6 8. f3
Ne5 9. O-O-O O-O 10. h4 h5 11. g4 Bd7 12. Bh6 Rc8 13. Bxg7 Kxg7 14. g5 Ne8 15.
f4 Nc4 16. Bxc4 Rxc4 17. f5 Qa5 18. Rhf1 b5 19. Nb3 Qa6 20. fxg6 b4 21. Rxf7+
Rxf7 22. gxf7 bxc3 23. Qf4 Nf6 24. gxf6+ Kxf7 25. fxe7+ Kxe7 26. Qg5+ Ke8 27.
Qg8+ Ke7 28. Rf1 Be8 29. Rf8 Rc8 30. Nd4 cxb2+ 31. Kb1 Qc4 32. Rxe8+ Kd7 33.
Rxc8 1-0

[Event "SR 4. liga A21 2014/2015"]
[Site "?"]
[Date "2015.02.01"]
[Round "8.6"]
[White "Lajda, Dusan"]
[Black "Jarabek, Milan"]
[Result "1-0"]
[WhiteElo "1853"]
[BlackElo "1690"]
[PlyCount "113"]
[EventDate "2014.??.??"]

1. e4 c5 2. Nf3 e6 3. d4 cxd4 4. Nxd4 Nf6 5. Bd3 Nc6 6. Nxc6 bxc6 7. O-O Be7 8.
e5 Nd5 9. Qg4 g5 10. Qh5 Bb7 11. Bd2 Nf4 12. Bxf4 gxf4 13. Nd2 Qa5 14. Nc4 Qc5
15. b4 Qd4 16. Na5 O-O-O 17. Nxb7 Kxb7 18. Rfd1 Qb6 19. b5 Rhg8 20. Qf3 Rg5 21.
bxc6+ Kc7 22. Rab1 Qxc6 23. Be4 Qc5 24. Rb7+ Kc8 25. Rdb1 d5 26. exd6 Bxd6 27.
Rxf7 Rdg8 28. Bg6 Qd5 29. Qxd5 exd5 30. Bf5+ Kd8 31. Rd7+ Ke8 32. Re1+ Kf8 33.
Rd8+ Kg7 34. Rd7+ Kf8 35. Rxd6 Rxf5 36. Rd1 Rfg5 37. g3 fxg3 38. fxg3 Ke7 39.
R6xd5 Rxd5 40. Rxd5 Rc8 41. Rh5 Rxc2 42. Rxh7+ Kf6 43. Rxa7 Kg5 44. Ra4 Rb2 45.
h3 Rc2 46. Ra5+ Kg6 47. a4 Ra2 48. g4 Rb2 49. Rb5 Ra2 50. a5 Kh6 51. h4 Kg6 52.
Rb6+ Kg7 53. a6 Kh7 54. g5 Kg7 55. h5 Ra5 56. Rb7+ Kg8 57. a7 1-0

[Event "SR 4. liga A21 2014/2015"]
[Site "?"]
[Date "2015.02.01"]
[Round "8.6"]
[White "Harastova, Viera"]
[Black "Krchnak, Rudolf"]
[Result "1-0"]
[WhiteElo "1876"]
[BlackElo "1796"]
[PlyCount "91"]
[EventDate "2014.??.??"]

1. d4 Nf6 2. c4 c5 3. Nf3 g6 4. Nc3 cxd4 5. Nxd4 Bg7 6. e4 d6 7. Be2 Nbd7 8.
Be3 b6 9. O-O Bb7 10. f3 O-O 11. Rc1 Ne5 12. Qd2 Nc6 13. Nxc6 Bxc6 14. Bh6 Re8
15. Bxg7 Kxg7 16. Nd5 Nd7 17. Rc3 Rf8 18. Qe3 Rc8 19. f4 e6 20. Nb4 Bb7 21. Rf3
Nc5 22. Bd3 a5 23. Nc2 Nxd3 24. Qxd3 Kg8 25. Rh3 d5 26. exd5 exd5 27. cxd5 Qxd5
28. Qxd5 Bxd5 29. a3 Be6 30. Rhe3 Rfd8 31. Rxc8 Rxc8 32. Nd4 Rc1+ 33. Kf2 Bc4
34. Rc3 Rf1+ 35. Kg3 Bd5 36. Rc2 Kg7 37. Rd2 Bb7 38. Nc2 Rc1 39. Ne3 Re1 40.
Nc4 Ba6 41. Nxb6 Re3+ 42. Kf2 Re4 43. g3 h5 44. Nd7 h4 45. Nc5 hxg3+ 46. hxg3
1-0

[Event "SR 4. liga A21 2014/2015"]
[Site "?"]
[Date "2015.02.01"]
[Round "8.6"]
[White "Bjel, Lubos"]
[Black "Zlamal, Marek"]
[Result "0-1"]
[WhiteElo "1760"]
[BlackElo "1671"]
[PlyCount "58"]
[EventDate "2014.??.??"]

1. e4 e5 2. Nf3 Nc6 3. Bc4 d6 4. c3 Bg4 5. d3 h6 6. Qb3 Na5 7. Qa4+ c6 8. b4
Nxc4 9. dxc4 Nf6 10. Nbd2 Qc7 11. O-O Be7 12. Ne1 Be2 13. f3 Bxf1 14. Nxf1 Nh5
15. Nd3 O-O 16. a3 f5 17. exf5 Rxf5 18. Ne3 Rf7 19. Qb3 Nf4 20. Nxf4 exf4 21.
Ng4 Re8 22. Qc2 Bh4 23. Bd2 Re2 24. h3 h5 25. Nh2 Qb6+ 26. c5 dxc5 27. Kh1 cxb4
28. Qd3 Qf2 29. Rf1 Qxg2# 0-1

[Event "SR 4. liga A21 2014/2015"]
[Site "?"]
[Date "2015.02.01"]
[Round "8.6"]
[White "Antalek, Rudolf"]
[Black "Bjel, Tomas"]
[Result "1-0"]
[WhiteElo "1532"]
[BlackElo "1643"]
[PlyCount "45"]
[EventDate "2014.??.??"]

1. e4 e5 2. Nf3 d6 3. d4 Nd7 4. Bc4 Be7 5. O-O h6 6. c3 Ngf6 7. Re1 Nb6 8. Bb3
Bg4 9. Nbd2 c5 10. d5 Qd7 11. Nf1 h5 12. h3 Bxh3 13. gxh3 Qxh3 14. Ng5 Qh4 15.
Qf3 Ng4 16. Qxf7+ Kd7 17. Qf5+ Ke8 18. Ne6 g6 19. Qxg6+ Kd7 20. Qf5 Rhg8 21.
Bg5 Nh6 22. Nxc5+ Ke8 23. Ba4+ 1-0

[Event "SR 4. liga A21 2014/2015"]
[Site "?"]
[Date "2015.02.15"]
[Round "9.1"]
[White "Hirmajer, Jan"]
[Black "Nemeckay, Rastislav"]
[Result "0-1"]
[WhiteElo "1966"]
[BlackElo "1985"]
[PlyCount "60"]
[EventDate "2014.??.??"]

1. c4 c6 2. Nc3 d5 3. cxd5 cxd5 4. Nf3 Nf6 5. d4 e6 6. Bg5 Be7 7. Ne5 Nbd7 8.
e3 Nxe5 9. dxe5 Nd7 10. Bxe7 Qxe7 11. f4 a6 12. Bd3 Nc5 13. Bc2 b5 14. b4 Nd7
15. Rb1 Bb7 16. O-O Nb6 17. a4 Rc8 18. Qd3 Qc7 19. Rb3 bxa4 20. Ra3 Nc4 21.
Bxa4+ Ke7 22. Rb3 Qb6 23. Nd1 g6 24. Rb1 Bc6 25. Bxc6 Rxc6 26. Rf2 Rhc8 27. Ra2
Kf8 28. Kf2 Kg7 29. Kf3 Qb5 30. Nc3 Nxe5+ 0-1

[Event "SR 4. liga A21 2014/2015"]
[Site "?"]
[Date "2015.02.15"]
[Round "9.1"]
[White "Celustkova, Lubica"]
[Black "Lajda, Dusan"]
[Result "1/2-1/2"]
[WhiteElo "1614"]
[BlackElo "1853"]
[PlyCount "72"]
[EventDate "2014.??.??"]

1. e4 c5 2. Nf3 d6 3. d4 cxd4 4. Nxd4 Nc6 5. Be3 a6 6. Nc3 e6 7. Bc4 Bd7 8. O-O
Rc8 9. a4 Nf6 10. Bb3 Be7 11. Qe2 Na5 12. Ba2 Qc7 13. Rad1 Nc4 14. Bc1 O-O 15.
Kh1 Rfd8 16. f4 e5 17. fxe5 dxe5 18. Nf5 Bxf5 19. Rxd8+ Bxd8 20. Rxf5 Nb6 21.
Bb3 Qd6 22. Qf3 Rc7 23. Qg3 Rd7 24. Rf1 Nh5 25. Qf3 Nf6 $11 26. a5 Nc8 27. Rd1
Qc7 28. Rxd7 Qxd7 29. Ba4 Qd6 30. Qh3 Ne7 31. Bb3 Bxa5 32. Qf3 Bxc3 33. bxc3 b5
34. h3 Qc6 35. Bb2 Qxe4 36. Qd1 Qa8 1/2-1/2

[Event "SR 4. liga A21 2014/2015"]
[Site "?"]
[Date "2015.02.15"]
[Round "9.1"]
[White "Bjel, Jan"]
[Black "Sobek, Michal"]
[Result "0-1"]
[WhiteElo "1823"]
[BlackElo "1684"]
[PlyCount "62"]
[EventDate "2014.??.??"]

1. e4 e5 2. Nf3 Nc6 3. Bc4 Nf6 4. Nc3 Nxe4 5. Nxe4 d5 6. Bxd5 Qxd5 7. Nc3 Qd8
8. h3 Bd6 9. O-O O-O 10. d3 h6 11. Ne4 Be7 12. Re1 f5 13. Ned2 Bf6 14. Nc4 Re8
15. c3 f4 16. Re2 Bf5 17. Rd2 Qd5 18. Na3 Qf7 19. Qb3 Qxb3 20. axb3 Rad8 21.
Ne1 Na5 22. Ra2 Nxb3 23. Rd1 Be6 24. c4 a6 25. Bd2 b5 26. Nb1 bxc4 27. Rxa6
cxd3 28. Bc3 e4 29. Ra4 d2 30. Bxd2 e3 31. Nf3 Nxd2 0-1

[Event "SR 4. liga A21 2014/2015"]
[Site "?"]
[Date "2015.02.15"]
[Round "9.1"]
[White "Wallner, Juraj"]
[Black "Bjel, Lubos"]
[Result "0-1"]
[WhiteElo "1606"]
[BlackElo "1760"]
[PlyCount "42"]
[EventDate "2014.??.??"]

1. e4 e6 2. Nf3 d5 3. exd5 exd5 4. d4 Nf6 5. Be2 Bd6 6. Nc3 c6 7. Bg5 Be6 8.
Qd2 Nbd7 9. h3 Qc7 10. Bd3 h6 11. Be3 O-O-O 12. Ne2 Ne4 13. Qc1 f5 14. O-O g5
15. c4 g4 16. Nd2 gxh3 17. g3 Nxd2 18. Qxd2 dxc4 19. Bc2 Rhg8 20. Nf4 Bd5 21.
Nxh3 Bxg3 0-1

[Event "SR 4. liga A21 2014/2015"]
[Site "?"]
[Date "2015.02.15"]
[Round "9.1"]
[White "Kosiarcik, Maximilian"]
[Black "Tomasovic, Roman"]
[Result "1/2-1/2"]
[WhiteElo "1437"]
[BlackElo "1363"]
[PlyCount "138"]
[EventDate "2014.??.??"]

1. e4 e5 2. Nf3 Nc6 3. Bc4 Bc5 4. c3 Nf6 5. d4 exd4 6. cxd4 Bb4+ 7. Nc3 Bxc3+
8. bxc3 O-O 9. Bg5 h6 10. Bh4 Qe8 11. O-O Nh7 12. Re1 Ne7 13. Rb1 Ng6 14. Bg3
Qd8 15. Qd3 d6 16. a4 Kh8 17. Bd5 c6 18. Bb3 f5 19. e5 d5 20. Bc2 Ng5 21. Nxg5
Qxg5 22. f3 a6 23. Re2 b5 24. f4 Qd8 25. Qf3 Be6 26. Be1 Kh7 27. g3 Ne7 28. Bd2
g6 29. Bc1 h5 30. Ba3 Rf7 31. Bxe7 Qxe7 32. Ra1 Ra7 33. Bd3 Qc7 34. Rea2 Qb6
35. Qe2 Rfe7 36. Ra3 Rec7 37. Qa2 Rcb7 38. axb5 cxb5 39. Rxa6 Rxa6 40. Qxa6 Kg7
41. Qxb6 Rxb6 42. Rb1 Bd7 43. Kf2 Kf7 44. Ke2 Ke7 45. Kd2 Kd8 46. c4 dxc4 47.
Bxc4 b4 48. Kd3 Kc7 49. d5 Ba4 50. Kd4 Rb8 51. d6+ Kd7 52. Kc5 b3 53. e6+ Kd8
54. d7 Ke7 55. Rb2 Rb7 56. Kd4 Rb8 57. Ke5 Rb6 58. Kd4 Rb7 59. Ke5 Rb6 60.
d8=Q+ Kxd8 61. Kf6 Rb4 62. e7+ Kc7 63. Rxb3 Rxc4 64. Kf7 Re4 65. Ra3 Bc6 66.
Rc3 Kd7 67. Rxc6 Rxe7+ 68. Kf6 Re2 69. Rc3 Re6+ 1/2-1/2

[Event "SR 4. liga A21 2014/2015"]
[Site "?"]
[Date "2015.02.15"]
[Round "9.2"]
[White "Brunovsky, Peter"]
[Black "Jarabek, Milan"]
[Result "0-1"]
[WhiteElo "1869"]
[BlackElo "1690"]
[PlyCount "88"]
[EventDate "2014.??.??"]

1. d4 Nf6 2. Bf4 e6 3. e3 c5 4. c3 d5 5. Bd3 Bd6 6. Nf3 Bxf4 7. exf4 b6 8. Nbd2
O-O 9. O-O Bb7 10. Re1 Qc7 11. g3 Nc6 12. Rc1 c4 13. Bc2 b5 14. Ne5 a5 15. Ndf3
Nxe5 16. fxe5 Ne4 17. Nd2 Nxd2 18. Qxd2 b4 19. f4 Rfb8 20. f5 exf5 21. Bxf5 Bc8
22. Rf1 bxc3 23. bxc3 Bxf5 24. Rxf5 a4 25. Rcf1 a3 26. Qf4 Ra7 27. Qf3 Qd7 28.
e6 Qxe6 29. Rxd5 Re7 30. Re5 Qd6 31. Rfe1 Rxe5 32. dxe5 Qc5+ 33. Kg2 Rb2+ 34.
Kh3 g6 35. Rf1 Qc8+ 36. g4 Qe6 37. Qa8+ Kg7 38. Qxa3 h5 39. Rg1 Rb1 40. Qc5 Rd1
41. Rg3 hxg4+ 42. Kh4 Qf5 43. Rxg4 Qh5+ 44. Kg3 Rd3+ 0-1

[Event "SR 4. liga A21 2014/2015"]
[Site "?"]
[Date "2015.02.15"]
[Round "9.2"]
[White "Harastova, Viera"]
[Black "Zajicek, Ferdinand"]
[Result "1/2-1/2"]
[WhiteElo "1876"]
[BlackElo "1836"]
[PlyCount "102"]
[EventDate "2014.??.??"]

1. d4 c5 2. Nf3 Nf6 3. Nc3 cxd4 4. Nxd4 g6 5. e4 d6 6. h3 Bg7 7. Be3 O-O 8. Bc4
Nc6 9. O-O Bd7 10. Qd2 Qc8 11. Nxc6 Bxc6 12. Bd3 Qe6 13. f3 d5 14. Bh6 Bxh6 15.
Qxh6 dxe4 16. Rae1 Rad8 17. fxe4 Qe5 18. Re2 Rd4 19. Qf4 Qxf4 20. Rxf4 Kg7 21.
g4 e5 22. Rf3 a6 23. Kf2 b5 24. a3 b4 25. axb4 Rxb4 26. b3 a5 27. Ke3 g5 28.
Ref2 Nd7 29. Bc4 f6 30. Bd5 Rb6 31. Rd2 Nc5 32. Bxc6 Rxc6 33. Nd5 Rf7 34. b4
axb4 35. Nxb4 Rb6 36. Nd3 Ne6 37. Rf1 Rc6 38. Rdf2 Nd4 39. Nxe5 Nxc2+ 40. Kd2
Rd6+ 41. Kc1 Rc7 42. Rxc2 Rxc2+ 43. Kxc2 fxe5 44. Rf5 Rh6 45. Rxg5+ Kf6 46.
Rf5+ Ke6 47. Rf3 Ke7 48. Kd3 Ra6 49. Ke2 Ra2+ 50. Kf1 Ra1+ 51. Kf2 Ra2+ 1/2-1/2

[Event "SR 4. liga A21 2014/2015"]
[Site "?"]
[Date "2015.02.15"]
[Round "9.2"]
[White "Kanka, Tomas"]
[Black "Harasta, Juraj"]
[Result "1-0"]
[WhiteElo "1723"]
[BlackElo "1718"]
[PlyCount "45"]
[EventDate "2014.??.??"]

1. e4 e5 2. Nf3 Nc6 3. Bc4 Bc5 4. b4 Bxb4 5. c3 Ba5 6. d4 exd4 7. O-O Nge7 8.
cxd4 d5 9. exd5 Nxd5 10. Ba3 Be6 11. Nbd2 Bxd2 12. Qxd2 Qf6 13. Ne5 Nce7 14. f3
O-O 15. Bxd5 Bxd5 16. Nd7 Qc6 17. Nxf8 Kxf8 18. Rfe1 Re8 19. Rxe7 Rxe7 20. Re1
Be6 21. Bxe7+ Kxe7 22. d5 Qd6 23. Qd1 1-0

[Event "SR 4. liga A21 2014/2015"]
[Site "?"]
[Date "2015.02.15"]
[Round "9.2"]
[White "Zlamal, Marek"]
[Black "Kastler, Peter"]
[Result "1/2-1/2"]
[WhiteElo "1671"]
[BlackElo "1757"]
[PlyCount "146"]
[EventDate "2014.??.??"]

1. d4 d5 2. Nc3 e6 3. f3 c5 4. e3 Nc6 5. Bb5 Bd7 6. Nge2 a6 7. Bxc6 Bxc6 8. O-O
Nf6 9. a4 Be7 10. Nf4 O-O 11. Nd3 Nd7 12. Ne2 Qb6 13. a5 Qc7 14. b3 Rac8 15.
Bb2 Bb5 16. Qe1 Bf6 17. Rc1 Rfe8 18. c4 Bc6 19. Ba3 b6 20. dxc5 bxa5 21. Nd4
Nb8 22. Nxc6 Nxc6 23. cxd5 exd5 24. Bb2 Bxb2 25. Nxb2 Qe5 26. Nd1 Nb4 27. Qd2
Rc6 28. Qd4 Qc7 29. Nb2 Rh6 30. g3 Ree6 31. Nd3 Nxd3 32. Qxd3 Qe5 33. Rfd1 Qh5
34. Qe2 Rxe3 35. Rxd5 Qxd5 36. Qxe3 Re6 37. Qc3 h6 38. c6 Re8 39. c7 Rc8 40.
Rc2 Qd7 41. Kg2 a4 42. bxa4 Qxa4 43. Rd2 Qe8 44. Qa5 Kh7 45. Rd8 Qe2+ 46. Kh3
Qf1+ 47. Kg4 Qc4+ 48. f4 Rxc7 49. Qf5+ g6 50. Qe5 Qe6+ 51. Qxe6 fxe6 52. Rd6
Ra7 53. Rxe6 a5 54. Re3 a4 55. Ra3 Ra5 56. Kf3 Kg7 57. Ke4 Kf6 58. g4 Ke6 59.
h3 Kd6 60. Kd4 Kc6 61. Kc4 Kd6 62. Kb4 Ra8 63. Rd3+ Ke6 64. Ka3 Ra5 65. Re3+
Kf6 66. Re4 h5 67. Rc4 hxg4 68. hxg4 Ra6 69. Rc5 Ke6 70. Rc7 Kf6 71. Rh7 Ke6
72. Rh6 Kf7 73. f5 Rf6 1/2-1/2

[Event "SR 4. liga A21 2014/2015"]
[Site "?"]
[Date "2015.02.15"]
[Round "9.2"]
[White "Papanek, Lubomir"]
[Black "Antalek, Rudolf"]
[Result "1-0"]
[WhiteElo "1616"]
[BlackElo "1532"]
[PlyCount "53"]
[EventDate "2014.??.??"]

1. e4 e5 2. Nf3 Nc6 3. Bc4 Nf6 4. Ng5 d5 5. exd5 Na5 6. Bb5+ c6 7. dxc6 bxc6 8.
Be2 h6 9. Nf3 e4 10. Ne5 Qd4 11. Ng4 Bxg4 12. Bxg4 e3 13. Bf3 exf2+ 14. Kf1
O-O-O 15. Qe2 Bc5 16. c3 Qd6 17. d4 Rhe8 18. Qxf2 Nb7 19. g3 Bb6 20. Bf4 Qe6
21. Nd2 c5 22. Bxb7+ Kxb7 23. dxc5 Bxc5 24. Qxc5 Qe2+ 25. Kg1 Rxd2 26. Qc7+ Ka6
27. Qc6+ 1-0